[Event "2nd EUR-ch (w)"]
[Site "Warsaw POL"]
[Date "2001.04.30"]
[Round "8.13"]
[White "Stepovaya-Dianchenko, Tatiana"]
[Black "Cosma, Elena-Luminita"]
[Result "1/2-1/2"]
[WhiteElo "2440"]
[BlackElo "2331"]
[EventDate "2001.04.21"]
[PlyCount "161"]

1.e4 c5 2.Nf3 Nc6 3.d4 cxd4 4.Nxd4 Qc7 5.Nc3 e6 6.g3 a6 7.Bg2 Nf6 8.O-O 
Bc5 9.Nxc6 dxc6 10.Na4 Ba7 11.c4 e5 12.c5 Be6 13.Qc2 h6 14.b4 a5 15.a3 O-O
16.Be3 Rad8 17.h3 Nd7 18.Qc3 axb4 19.axb4 b5 20.Nb2 Bb8 21.Ra6 Rfe8 22.
Rfa1 Nf8 23.Nd3 Bc4 24.Nb2 Be6 25.Kh2 Bc8 26.R6a2 Be6 27.Ra8 Bc8 28.Nd3 
Ne6 29.R8a2 Nd4 30.Rd2 Qe7 31.Rad1 Qf6 32.Bxd4 exd4 33.Qb2 g5 34.Ne1 g4 
35.Rxd4 Rxd4 36.Qxd4 Be5 37.Qe3 gxh3 38.Bh1 Bg4 39.f3 h5 40.fxg4 hxg4 41.
Nd3 Rd8 42.Qe2 Kf8 43.Rf1 Qh6 44.Qf2 Rd7 45.Qf5 Qd2+ 46.Rf2 Bxg3+ 47.Kxg3 
Qxd3+ 48.Kxg4 Qd1+ 49.Kh4 h2 50.Rxh2 Qe1+ 51.Kh5 Qg1 52.Rh3 Re7 53.Qc8+ 
Re8 54.Qg4 Qd4 55.Kh4 Re6 56.Rf3 Rh6+ 57.Kg3 Rxh1 58.Qc8+ Kg7 59.Qg4+ Kh8 
60.Qc8+ Kg7 61.Qg4+ Kf8 62.Rxf7+ Kxf7 63.Qf3+ Ke7 64.Qxh1 Qxb4 65.Qh7+ Ke6
66.Qf5+ Ke7 67.Qe5+ Kf7 68.Qc7+ Kf8 69.Qxc6 Qe1+ 70.Kf4 b4 71.Qd6+ Kf7 72.
Qd5+ Ke7 73.Qd6+ Kf7 74.e5 Qf2+ 75.Ke4 Qc2+ 76.Kd5 Qd3+ 77.Kc6 Qa6+ 78.Kc7
Qa7+ 79.Kc8 Qa8+ 80.Kd7 Qb7+ 81.Kd8 1/2-1/2

[Event "2nd EUR-ch (w)"]
[Site "Warsaw POL"]
[Date "2001.04.30"]
[Round "8.16"]
[White "Ovod, Evgenia"]
[Black "Bogza, Adina"]
[Result "1-0"]
[WhiteElo "2383"]
[BlackElo "2252"]
[EventDate "2001.04.21"]
[PlyCount "47"]

1.d4 g6 2.c4 c5 3.d5 f5 4.Nc3 Bg7 5.e4 Bxc3+ 6.bxc3 fxe4 7.f3 Nf6 8.fxe4 
Nxe4 9.Bd3 Nf6 10.Nf3 d6 11.O-O Bg4 12.Rb1 Qc7 13.Qa4+ Nbd7 14.Ng5 b5 15.
Rxb5 O-O 16.h3 Nb6 17.Qc2 Bd7 18.Bxg6 Nxc4 19.Bxh7+ Kh8 20.Qg6 Bxb5 21.Ne6
Rg8 22.Bxg8 Rxg8 23.Qh6+ Nh7 24.Rf8 1-0

[Event "2nd EUR-ch (w)"]
[Site "Warsaw POL"]
[Date "2001.04.30"]
[Round "8.17"]
[White "Calzetta Ruiz, Monica"]
[Black "Polovnikova, Ekaterina"]
[Result "1-0"]
[WhiteElo "2310"]
[BlackElo "2377"]
[EventDate "2001.04.21"]
[PlyCount "75"]

1.e4 e5 2.Nf3 Nc6 3.d4 exd4 4.Nxd4 Qf6 5.Be3 Bc5 6.c3 Nge7 7.Bc4 O-O 8.O-O
d6 9.f4 Ng6 10.Kh1 Qe7 11.Nd2 Bb6 12.Qh5 Kh8 13.N2f3 f6 14.Rae1 Nxd4 15.
Nxd4 Bxd4 16.Bxd4 Bd7 17.Re3 c5 18.f5 h6 19.Qxg6 cxd4 20.cxd4 Rac8 21.Bb3 
Bb5 22.Rfe1 Bc4 23.h3 Bxb3 24.axb3 Qd7 25.Rc3 Qb5 26.Rec1 Rxc3 27.Rxc3 
Qf1+ 28.Kh2 Qf4+ 29.Qg3 Qxe4 30.Rc7 Rg8 31.Qxd6 Qxf5 32.Rxb7 a5 33.b4 Qc8 
34.Rc7 Qa8 35.b5 Qb8 36.b6 Kh7 37.b7 Qa7 38.Qxf6 1-0

[Event "2nd EUR-ch (w)"]
[Site "Warsaw POL"]
[Date "2001.04.30"]
[Round "8.18"]
[White "Tereladze, Sopiko"]
[Black "Klinova, Masha"]
[Result "1/2-1/2"]
[WhiteElo "2267"]
[BlackElo "2368"]
[EventDate "2001.04.21"]
[PlyCount "38"]

1.e4 c6 2.d4 d5 3.exd5 cxd5 4.c4 Nf6 5.Nc3 Nc6 6.Nf3 Bg4 7.cxd5 Nxd5 8.Qb3
Bxf3 9.gxf3 e6 10.Qxb7 Nxd4 11.Bb5+ Nxb5 12.Qc6+ Ke7 13.Qxb5 Qd7 14.Nxd5+ 
exd5 15.Qxd7+ Kxd7 16.Be3 Bb4+ 17.Ke2 Rhc8 18.Rac1 a6 19.Bd4 g6 1/2-1/2

[Event "2nd EUR-ch (w)"]
[Site "Warsaw POL"]
[Date "2001.04.30"]
[Round "8.19"]
[White "Khasanova, Elmira"]
[Black "Pahtz, Elisabeth"]
[Result "0-1"]
[WhiteElo "2249"]
[BlackElo "2358"]
[EventDate "2001.04.21"]
[PlyCount "90"]

1.d4 Nf6 2.c4 c5 3.d5 b5 4.cxb5 a6 5.Nc3 axb5 6.e4 b4 7.Nb5 d6 8.Bf4 g5 9.
Bxg5 Nxe4 10.Bf4 Nf6 11.Bc4 Bg7 12.Ne2 Nbd7 13.Ng3 Nb6 14.b3 O-O 15.O-O 
Bd7 16.Nh5 Nxh5 17.Qxh5 Ra5 18.a4 bxa3 19.Bd3 f5 20.Rxa3 Rxb5 21.Bxb5 Bxb5
22.Rd1 Qe8 23.Qh4 Qf7 24.Ra7 Nxd5 25.Bxd6 Bf6 26.Qh3 Nc3 27.Re1 Ne4 28.Bf4
Qd5 29.Qf3 Rd8 30.h3 Bc6 31.Bh6 Kh8 32.Ra6 Bd4 33.Be3 Bc3 34.Rc1 Bb7 35.
Rh6 Bg7 36.Rh5 e6 37.Bh6 Bd4 38.Be3 Nf6 39.Qxd5 Bxd5 40.Bg5 Nxh5 41.Bxd8 
Nf4 42.Kh2 Bxb3 43.Bb6 Nd3 44.Rb1 Bc2 45.Re1 Bxf2 0-1

[Event "2nd EUR-ch (w)"]
[Site "Warsaw POL"]
[Date "2001.04.30"]
[Round "8.22"]
[White "Pokorna, Regina"]
[Black "Kachiani-Gersinska, Ketino"]
[Result "0-1"]
[WhiteElo "2376"]
[BlackElo "2456"]
[EventDate "2001.04.21"]
[PlyCount "148"]

1.e4 c6 2.c4 d5 3.exd5 Nf6 4.Nc3 cxd5 5.cxd5 Nxd5 6.Bb5+ Nc6 7.Nf3 Nxc3 8.
bxc3 g6 9.O-O Bg7 10.Re1 O-O 11.Ba3 Re8 12.d4 Bd7 13.Bc4 Na5 14.Bd5 Bf5 
15.Be4 Bxe4 16.Rxe4 Nc4 17.Qb3 Rc8 18.Rae1 e6 19.Bc1 Qd5 20.h3 Red8 21.Nd2
Nb6 22.Bb2 Nc4 23.Nxc4 Rxc4 24.R4e3 b5 25.Ba3 Ra4 26.Bc5 a6 27.R1e2 Qc4 
28.Bb4 Bxd4 29.Qxc4 bxc4 30.Re4 Bf6 31.Rf4 Bg7 32.Rf3 h5 33.Kh2 Rd1 34.Bc5
h4 35.Be7 Rd3 36.Bxh4 Rxf3 37.gxf3 Bxc3 38.Rc2 Bd4 39.Kg2 c3 40.Be7 Rc4 
41.Kf1 Rc7 42.Bb4 Rb7 43.a3 a5 44.Bxa5 Rb2 45.Bxc3 Rxc2 46.Bxd4 Ra2 47.Bc5
e5 48.Kg2 f6 49.Kg3 Kf7 50.Bb4 Ke6 51.Bf8 Rb2 52.Bb4 Kf5 53.Be7 Kg5 54.Kg2
Rb1 55.Bc5 Kf5 56.Be7 Ke6 57.Bf8 f5 58.Bc5 Kd5 59.Bf8 Kc4 60.Bd6 Kd4 61.
Be7 Kd3 62.Bf6 Rb5 63.Be7 Ke2 64.Bb4 Rd5 65.Bc3 Rd3 66.Bxe5 Rxf3 67.Bd4 
Rxa3 68.Bc5 Rb3 69.Bd4 f4 70.Bc5 Rb1 71.Bd4 f3+ 72.Kg3 Rg1+ 73.Kf4 Rg2 74.
h4 Rxf2 0-1

[Event "2nd EUR-ch (w)"]
[Site "Warsaw POL"]
[Date "2001.04.30"]
[Round "8.23"]
[White "Voiska, Margarita"]
[Black "Alexandrova, Olga"]
[Result "1-0"]
[WhiteElo "2320"]
[BlackElo "2419"]
[EventDate "2001.04.21"]
[PlyCount "103"]

1.c4 c5 2.Nf3 Nc6 3.g3 g6 4.Bg2 Bg7 5.Nc3 e6 6.d4 cxd4 7.Nb5 d5 8.cxd5 
Qa5+ 9.Qd2 Qxb5 10.dxc6 Qxc6 11.O-O Qb6 12.b3 Nf6 13.Qxd4 Nh5 14.Qd1 O-O 
15.Be3 Qa5 16.Rc1 Nf6 17.Bd4 Rd8 18.Qc2 Nd5 19.Bxg7 Kxg7 20.Qb2+ f6 21.
Rfd1 Bd7 22.e4 Ne7 23.b4 Qa4 24.g4 Bc6 25.Re1 Rd3 26.g5 Ng8 27.gxf6+ Nxf6 
28.Ne5 Ra3 29.Re2 h5 30.Nxc6 bxc6 31.e5 Nd5 32.Bxd5 cxd5 33.Rc7+ Kh6 34.
Qd2+ g5 35.f4 Rf8 36.Rf2 Kg6 37.Re7 Qc6 38.b5 Qc5 39.Rxe6+ Kg7 40.Rc6 Qe3 
41.Qxe3 Rxe3 42.fxg5 Rxf2 43.Kxf2 Ra3 44.Ra6 Rh3 45.Rxa7+ Kg6 46.Kg2 Rh4 
47.e6 d4 48.e7 Re4 49.b6 d3 50.Rd7 d2 51.Rxd2 Rxe7 52.Rb2 1-0

[Event "2nd EUR-ch (w)"]
[Site "Warsaw POL"]
[Date "2001.04.30"]
[Round "8.24"]
[White "Mashinskaya, Yulia"]
[Black "Hunt, Harriet"]
[Result "0-1"]
[WhiteElo "2318"]
[BlackElo "2426"]
[EventDate "2001.04.21"]
[PlyCount "102"]

1.Nf3 Nf6 2.c4 e6 3.g3 d5 4.b3 b6 5.Bg2 Bb7 6.e3 Be7 7.O-O O-O 8.Bb2 Nbd7 
9.Qe2 Re8 10.d3 Bf8 11.Nc3 c5 12.Rad1 Rc8 13.Nd2 Qc7 14.e4 a6 15.f4 d4 16.
Ncb1 g6 17.e5 Bxg2 18.Kxg2 Qc6+ 19.Kg1 Nh5 20.g4 Ng7 21.Ne4 Be7 22.Nbd2 f5
23.exf6 Nxf6 24.Nxf6+ Bxf6 25.Ne4 Be7 26.Bc1 Rf8 27.Bd2 b5 28.Be1 Rf7 29.
Bg3 Rcf8 30.Rde1 h5 31.gxh5 gxh5 32.Qg2 Qd7 33.Qh3 Qd8 34.Re2 e5 35.f5 
Rxf5 36.Rxf5 Rxf5 37.Rf2 Rxf2 38.Nxf2 bxc4 39.bxc4 Qa5 40.Ne4 Qxa2 41.Bxe5
Qb1+ 42.Kg2 Qb2+ 43.Nf2 Qb7+ 44.Kf1 a5 45.Bxg7 Kxg7 46.Qxh5 a4 47.Qe5+ Kg8
48.Ne4 a3 49.Nxc5 Bxc5 50.Qg5+ Qg7 51.Qxc5 Qf8+ 0-1

[Event "2nd EUR-ch (w)"]
[Site "Warsaw POL"]
[Date "2001.04.30"]
[Round "8.25"]
[White "Galianina-Ryanova, Yulia"]
[Black "Zakurdyaeva, Irina"]
[Result "1-0"]
[WhiteElo "2389"]
[BlackElo "2282"]
[EventDate "2001.04.21"]
[PlyCount "59"]

1.d4 d5 2.c4 e6 3.Nc3 c5 4.cxd5 exd5 5.Nf3 Nc6 6.g3 Nf6 7.Bg2 Be7 8.O-O 
O-O 9.Bg5 cxd4 10.Nxd4 h6 11.Be3 Re8 12.Rc1 Bf8 13.Qa4 Bd7 14.Nxd5 Nxd5 
15.Bxd5 Na5 16.Nb5 a6 17.Qf4 Re7 18.Nc3 Bh3 19.Rfd1 Qe8 20.g4 h5 21.gxh5 
Be6 22.h6 Nc6 23.Bc5 Bxd5 24.Bxe7 Nxe7 25.Nxd5 Nxd5 26.Rxd5 Qxe2 27.Rd7 
Qe6 28.Qxf7+ Qxf7 29.h7+ Kxh7 30.Rxf7 1-0

[Event "2nd EUR-ch (w)"]
[Site "Warsaw POL"]
[Date "2001.04.30"]
[Round "8.26"]
[White "Peng Zhaoqin"]
[Black "Iwaniuk, Dorota"]
[Result "1-0"]
[WhiteElo "2391"]
[BlackElo "2266"]
[EventDate "2001.04.21"]
[PlyCount "95"]

1.d4 f5 2.Nc3 d5 3.Bg5 c6 4.e3 Qb6 5.Rb1 Nf6 6.Bxf6 exf6 7.Bd3 Be6 8.Qf3 
g6 9.g4 Bb4 10.Ne2 f4 11.Qxf4 Nd7 12.a3 Be7 13.b4 a5 14.Na4 Qd8 15.Nc5 
Nxc5 16.bxc5 Rb8 17.O-O O-O 18.a4 f5 19.Qe5 Bd7 20.gxf5 Bf6 21.Qf4 Bg5 22.
Qg4 Rxf5 23.Bxf5 Bxf5 24.Qg3 Bxc2 25.Rb2 Bd3 26.Rd1 Bf5 27.Nf4 Bh4 28.Qg2 
Qd7 29.f3 Re8 30.Rb3 Re7 31.Qd2 Qe8 32.Ng2 Bg5 33.Re1 Bh3 34.Qxa5 Bxg2 35.
Kxg2 Bxe3 36.Re2 Bh6 37.Rxe7 Qxe7 38.Kf1 Qf6 39.Qe1 Qf7 40.Qe5 Bf4 41.Qe2 
Qd7 42.Kg2 Qf7 43.Rb1 Kg7 44.Re1 Kh6 45.Qe6 Qc7 46.Qe7 Qb8 47.Qh4+ Kg7 48.
Re7+ 1-0

[Event "2nd EUR-ch (w)"]
[Site "Warsaw POL"]
[Date "2001.04.30"]
[Round "8.27"]
[White "Umanskaya, Irina"]
[Black "Celuskina, Irina"]
[Result "1-0"]
[WhiteElo "2313"]
[BlackElo "2388"]
[EventDate "2001.04.21"]
[PlyCount "99"]

1.Nf3 Nf6 2.c4 e6 3.g3 d5 4.d4 c6 5.Qc2 Bb4+ 6.Nbd2 O-O 7.Bg2 Ne4 8.a3 
Nxd2 9.Bxd2 Be7 10.O-O Nd7 11.e4 Nf6 12.e5 Ne8 13.c5 b6 14.b4 Ba6 15.Rfe1 
Bc4 16.Bc3 a5 17.Nd2 Bb5 18.cxb6 a4 19.b7 Rb8 20.Bf1 Rxb7 21.Bd3 g6 22.
Rac1 Ng7 23.Bb2 Qb8 24.Nf3 Re8 25.Qd2 Qd8 26.h4 Bf8 27.Bxb5 cxb5 28.Rc6 
Rb6 29.Qc2 Nf5 30.Rc3 Rb7 31.Bc1 Qb6 32.Rd1 Ree7 33.g4 Ng7 34.Rc6 Qa7 35.
Bg5 Rec7 36.Rc1 Ne8 37.Bd8 Rxc6 38.Qxc6 Qb8 39.Qxe8 Re7 40.Qxe7 Bxe7 41.
Bxe7 h6 42.g5 Qb7 43.Bf6 h5 44.Rc5 Kh7 45.Nd2 Qa6 46.Nb1 Qb7 47.Nc3 Qc8 
48.Nxb5 Qa6 49.Kg2 Qc8 50.Nd6 1-0

[Event "2nd EUR-ch (w)"]
[Site "Warsaw POL"]
[Date "2001.04.30"]
[Round "8.28"]
[White "Zielinska, Marta"]
[Black "Medic, Mirjana"]
[Result "1/2-1/2"]
[WhiteElo "2377"]
[BlackElo "2274"]
[EventDate "2001.04.21"]
[PlyCount "106"]

1.d4 d5 2.c4 c6 3.Nc3 Nf6 4.Nf3 e6 5.cxd5 cxd5 6.Bf4 Bd6 7.Bxd6 Qxd6 8.e3 
Nc6 9.Bd3 O-O 10.O-O e5 11.Nb5 Qe7 12.dxe5 Nxe5 13.Be2 Bf5 14.Nxe5 Qxe5 
15.Qd4 Qxd4 16.Nxd4 Bd7 17.Rfc1 Rfc8 18.Bd3 Kf8 19.f3 a6 20.Kf2 Rxc1 21.
Rxc1 Rc8 22.Rd1 Ke7 23.h4 g6 24.Bb1 Be6 25.Ne2 Rc5 26.Nf4 Nd7 27.h5 Nb6 
28.b3 a5 29.Bd3 a4 30.Ne2 axb3 31.axb3 d4 32.Nxd4 Rxh5 33.Rc1 Rd5 34.Rc7+ 
Rd7 35.Nxe6 Kxe6 36.Rxd7 Nxd7 37.Bc4+ Ke7 38.e4 f6 39.Ke3 g5 40.g3 Kd6 41.
Bg8 h6 42.f4 Nc5 43.Kf3 b6 44.Bc4 b5 45.Bxb5 Nxb3 46.Kg4 Nd4 47.Bc4 gxf4 
48.gxf4 Nc2 49.Kf5 Ke7 50.Kg6 Ne3 51.Bd5 Ng2 52.f5 Nf4+ 53.Kxh6 Kd6 
1/2-1/2

[Event "2nd EUR-ch (w)"]
[Site "Warsaw POL"]
[Date "2001.04.30"]
[Round "8.31"]
[White "Dzagnidze, Nana"]
[Black "Dworakowska, Joanna"]
[Result "1/2-1/2"]
[WhiteElo "2241"]
[BlackElo "2360"]
[EventDate "2001.04.21"]
[PlyCount "50"]

1.d4 f5 2.Bg5 h6 3.Bf4 Nf6 4.e3 d6 5.Nf3 g5 6.Bg3 Bg7 7.Bd3 Nc6 8.c3 e6 9.
Qb3 Qe7 10.h3 Bd7 11.Qa3 O-O 12.O-O Kh8 13.Nbd2 Nh5 14.e4 f4 15.Bh2 e5 16.
dxe5 Nxe5 17.Nxe5 Bxe5 18.Nf3 Bf6 19.Rfe1 Qg7 20.Qa5 b6 21.Qd5 Rae8 22.Kh1
Be6 23.Qb5 Bd7 24.Qd5 Be6 25.Qb5 Bd7 1/2-1/2

[Event "2nd EUR-ch (w)"]
[Site "Warsaw POL"]
[Date "2001.04.30"]
[Round "8.32"]
[White "Benderac, Ana"]
[Black "Socko, Monika"]
[Result "0-1"]
[WhiteElo "2230"]
[BlackElo "2351"]
[EventDate "2001.04.21"]
[PlyCount "54"]

1.d4 Nf6 2.Nf3 g6 3.Bf4 Bg7 4.e3 O-O 5.Be2 d6 6.h3 Nfd7 7.Nbd2 Nc6 8.O-O 
e5 9.dxe5 dxe5 10.Bh2 Qe7 11.c3 Nb6 12.Qc2 Kh8 13.Rad1 Be6 14.b4 a6 15.Nb3
Nd7 16.Rd2 f5 17.Rfd1 g5 18.Nxg5 Qxg5 19.Rxd7 f4 20.exf4 exf4 21.h4 Qxh4 
22.Rxc7 Be5 23.Rxb7 f3 24.g3 Qh5 25.Bd3 Bg7 26.Nc5 Rf6 27.Rxg7 Rh6 0-1

[Event "2nd EUR-ch (w)"]
[Site "Warsaw POL"]
[Date "2001.04.30"]
[Round "8.33"]
[White "Demina, Yulia"]
[Black "Kharashkina, Bairta"]
[Result "1/2-1/2"]
[WhiteElo "2350"]
[BlackElo "2173"]
[EventDate "2001.04.21"]
[PlyCount "43"]

1.d4 f5 2.Nf3 Nf6 3.g3 g6 4.Bg2 Bg7 5.O-O O-O 6.b3 d6 7.Bb2 Qe8 8.c4 h6 9.
Nc3 c6 10.d5 Na6 11.a3 Nc7 12.Rc1 Bd7 13.Rc2 Rb8 14.b4 a5 15.bxa5 c5 16.
Nd2 Ra8 17.Nb3 Ng4 18.e4 Ne5 19.Qe2 f4 20.gxf4 Rxf4 21.Bc1 Rf8 22.Bd2 
1/2-1/2

[Event "2nd EUR-ch (w)"]
[Site "Warsaw POL"]
[Date "2001.04.30"]
[Round "8.34"]
[White "Dimitrijevic, Aleksandra"]
[Black "Petrenko, Svetlana"]
[Result "0-1"]
[WhiteElo "2152"]
[BlackElo "2336"]
[EventDate "2001.04.21"]
[PlyCount "123"]

1.e4 g6 2.d4 Bg7 3.f4 d5 4.e5 h5 5.Nf3 Nh6 6.Be3 c6 7.c3 Qb6 8.b4 a5 9.a3 
Na6 10.Nbd2 Nc7 11.Nb3 axb4 12.axb4 Rxa1 13.Qxa1 O-O 14.Be2 Bf5 15.Qb2 f6 
16.h3 Ne6 17.O-O Be4 18.Nh4 fxe5 19.fxe5 Rxf1+ 20.Kxf1 Qd8 21.Qc1 Qf8+ 22.
Kg1 Kh7 23.Nd2 Nf4 24.Bf1 g5 25.Nhf3 Bxf3 26.Nxf3 Nxh3+ 27.Kh2 g4 28.Bd3+ 
Kg8 29.Nh4 Nf2 30.Bg6 Ne4 31.Bxh5 g3+ 32.Kg1 Nf5 33.Ng6 Qa8 34.Bf4 Qa2 35.
Bg4 Nxc3 36.Kh1 Ne2 37.Qf1 Nexd4 38.Bg5 e6 39.Bf6 Bh6 40.Ne7+ Nxe7 41.Bxe7
Qc4 42.Qe1 Qc1 43.Bd1 Qe3 44.Qxe3 Bxe3 45.Bg4 Bf4 46.Bc5 Nf5 47.Bxf5 exf5 
48.e6 Bc7 49.Kg1 Kg7 50.Be7 Kg6 51.Kf1 f4 52.Bh4 Bd6 53.Ke2 Bxb4 54.Kd3 
Bc5 55.Ke2 b5 56.Bd8 b4 57.Bc7 Be3 58.Be5 c5 59.Kd3 c4+ 60.Kc2 f3 61.e7 
Kf7 62.e8=Q+ 0-1

[Event "2nd EUR-ch (w)"]
[Site "Warsaw POL"]
[Date "2001.04.30"]
[Round "8.35"]
[White "Toma, Katarzyna"]
[Black "Matnadze, Ana"]
[Result "0-1"]
[WhiteElo "2101"]
[BlackElo "2332"]
[EventDate "2001.04.21"]
[PlyCount "106"]

1.e4 c5 2.Nf3 d6 3.d4 cxd4 4.Nxd4 Nf6 5.Nc3 Nc6 6.Bg5 Bd7 7.Bxf6 gxf6 8.
Nb3 f5 9.Qh5 fxe4 10.Nxe4 e6 11.O-O-O d5 12.Nbc5 Be7 13.Nxd7 Qxd7 14.Ng5 
Bxg5+ 15.Qxg5 Qe7 16.Qxe7+ Kxe7 17.f4 Rac8 18.Bd3 h5 19.Rhe1 Kf6 20.Re3 h4
21.Kd2 Rcg8 22.Re2 Rg4 23.Rf2 Rc8 24.c3 Na5 25.Ke3 Rgg8 26.Kf3 Ke7 27.Re2 
Kd6 28.Rde1 Nc6 29.Rd2 a6 30.Red1 Rcd8 31.Kf2 f6 32.Be2 Ne7 33.Bf3 Rc8 34.
Rc2 b5 35.Re2 f5 36.Rde1 Rg6 37.Bh5 Rf6 38.Re3 Rc4 39.g3 hxg3+ 40.hxg3 Nc8
41.Be2 Rc7 42.g4 fxg4 43.Bxg4 Re7 44.Kg3 Nb6 45.b3 Nd7 46.Rd3 Rg7 47.Kf3 
Rgf7 48.Rde3 Nc5 49.Kg3 Rg6 50.Kf3 Rgf6 51.Kg2 Ne4 52.Rf1 Rg7 53.Kf3 Nd2+ 
0-1

[Event "2nd EUR-ch (w)"]
[Site "Warsaw POL"]
[Date "2001.04.30"]
[Round "8.37"]
[White "Manakova, Maria"]
[Black "Cherednichenko, Svetlana"]
[Result "1-0"]
[WhiteElo "2395"]
[BlackElo "2203"]
[EventDate "2001.04.21"]
[PlyCount "199"]

1.e4 g6 2.d4 Bg7 3.Nc3 c6 4.Be3 Nf6 5.e5 Nd5 6.Nxd5 cxd5 7.Qd2 O-O 8.Bh6 
f6 9.h4 Rf7 10.Bxg7 Rxg7 11.exf6 exf6 12.O-O-O d6 13.h5 g5 14.h6 Rf7 15.f4
g4 16.Bd3 f5 17.Rh5 Nc6 18.Rg5+ Kh8 19.Ne2 Qf8 20.Ng3 Bd7 21.Kb1 Rc8 22.c3
Na5 23.Rh1 Nc4 24.Bxc4 Rxc4 25.Qd3 b5 26.Nf1 Be6 27.Ne3 b4 28.cxb4 Rxb4 
29.Nc2 Rbb7 30.Rgh5 Qb8 31.Qa3 Rb6 32.b3 Rfb7 33.Kb2 Rc6 34.Re1 Qc8 35.Nb4
Rcb6 36.Nd3 Rc6 37.Kb1 Rbc7 38.Rhh1 Kg8 39.Re2 Kf7 40.Rhe1 Re7 41.Nb4 Rcc7
42.Qa5 Qb7 43.Rc2 Rxc2 44.Nxc2 Qc6 45.Qd8 Qd7 46.Qa5 Qc6 47.Re2 Qe8 48.Qa6
Qd8 49.Re3 Rd7 50.Qe2 Qf6 51.g3 Qxh6 52.Kb2 Qf6 53.Qh2 Kg7 54.Re1 Re7 55.
Qe2 h5 56.Qa6 Bf7 57.Rh1 Qe6 58.Re1 Qf6 59.Rd1 Qe6 60.Re1 Qd7 61.Ne3 Kg6 
62.Qd3 Re4 63.Rc1 Qe7 64.Rc3 h4 65.gxh4 Qxh4 66.Qc2 Qf6 67.Rd3 Rxd4 68.
Nxg4 Qh8 69.Qc3 Rxd3 70.Qxh8 fxg4 71.Qh4 g3 72.Kc2 Re3 73.Qg5+ Kh7 74.f5 
d4 75.Kd2 a6 76.Qh4+ Kg8 77.Qxd4 Re5 78.Qg4+ Kh7 79.Qh4+ Kg7 80.Qxg3+ Kf6 
81.Qf4 a5 82.Kc3 Rc5+ 83.Kb2 Re5 84.Qh6+ Kxf5 85.Qxd6 Be8 86.Qf8+ Ke4 87.
a3 Kd4 88.Qd6+ Ke4 89.Kc3 Bb5 90.Qd4+ Kf5 91.Qf2+ Ke4 92.Qg2+ Kf5 93.Qf3+ 
Ke6 94.Qg4+ Kf6 95.Qh4+ Ke6 96.Qh6+ Kf5 97.Qf8+ Ke6 98.Qh6+ Kf5 99.Kd4 Be8
100.Qf8+ 1-0

[Event "2nd EUR-ch (w)"]
[Site "Warsaw POL"]
[Date "2001.04.30"]
[Round "8.39"]
[White "Kulish, Irina"]
[Black "Zayats, Elena"]
[Result "1-0"]
[WhiteElo "2302"]
[BlackElo "2376"]
[EventDate "2001.04.21"]
[PlyCount "49"]

1.e4 e5 2.Nf3 Nc6 3.Bb5 a6 4.Ba4 Nf6 5.O-O Be7 6.Bxc6 dxc6 7.Qe2 Nd7 8.b3 
c5 9.Bb2 f6 10.Nh4 Nf8 11.f4 exf4 12.Rxf4 g5 13.Qh5+ Kd7 14.Rf3 gxh4 15.
Qf7 Kc6 16.Rd3 Bd6 17.e5 Be6 18.Qh5 fxe5 19.Bxe5 Rg8 20.Nc3 Rg5 21.Qf3+ 
Kb6 22.Bf6 Rf5 23.Bxd8 Rxf3 24.Rxd6+ Ka7 25.Bxc7 1-0

[Event "2nd EUR-ch (w)"]
[Site "Warsaw POL"]
[Date "2001.04.30"]
[Round "8.41"]
[White "Aginian, Nelly"]
[Black "Stiazhkina, Olga"]
[Result "0-1"]
[WhiteElo "2192"]
[BlackElo "2346"]
[EventDate "2001.04.21"]
[PlyCount "156"]

1.e4 e5 2.Nf3 Nc6 3.Bb5 Bc5 4.O-O Nd4 5.Nxd4 Bxd4 6.c3 Bb6 7.d4 c6 8.Bc4 
d6 9.dxe5 dxe5 10.Qxd8+ Bxd8 11.Be3 Nf6 12.f3 Bb6 13.Bxb6 axb6 14.Nd2 b5 
15.Bb3 Ke7 16.Kf2 Nd7 17.Bc2 Nb6 18.a3 Rd8 19.Rfd1 Be6 20.Nf1 Na4 21.Bxa4 
bxa4 22.Ne3 Bb3 23.Rxd8 Rxd8 24.Ke2 g6 25.Rc1 Ke6 26.g4 f6 27.Rg1 b5 28.
Rc1 Rb8 29.Kf2 Kd6 30.Re1 Kc5 31.h4 Rd8 32.g5 Kd6 33.gxf6 Ke6 34.Re2 Kxf6 
35.Kg3 h5 36.f4 Bc4 37.Nxc4 bxc4 38.fxe5+ Kxe5 39.Kf3 Rf8+ 40.Kg3 Rf4 41.
Rd2 Rxe4 42.Rd8 Re3+ 43.Kf2 Rd3 44.Rg8 Rd2+ 45.Ke3 Rg2 46.Ra8 Rg3+ 47.Kf2 
Rg4 48.Rxa4 Rxh4 49.Ra5+ Kf4 50.Kg2 Rg4+ 51.Kf2 Ke4 52.Rc5 Kd3 53.Rxc6 Kc2
54.a4 Kxb2 55.a5 Kxc3 56.a6 Rf4+ 57.Ke2 g5 58.Rc5 Rf8 59.Rxg5 Ra8 60.Rxh5 
Rxa6 61.Rd5 Ra2+ 62.Ke1 Ra1+ 63.Ke2 Kb3 64.Rb5+ Kc2 65.Ke3 c3 66.Rb8 Rd1 
67.Rb7 Rd8 68.Rc7 Kb2 69.Rb7+ Kc1 70.Rc7 c2 71.Rh7 Rd5 72.Rh8 Rd1 73.Rb8 
Re1+ 74.Kf2 Re5 75.Kf3 Kd2 76.Rd8+ Kc3 77.Rc8+ Kd3 78.Rd8+ Kc4 0-1

[Event "2nd EUR-ch (w)"]
[Site "Warsaw POL"]
[Date "2001.04.30"]
[Round "8.42"]
[White "Blimke, Dalia"]
[Black "Kosintseva, Tatiana"]
[Result "0-1"]
[WhiteElo "2209"]
[BlackElo "2333"]
[EventDate "2001.04.21"]
[PlyCount "90"]

1.e4 c5 2.Nf3 d6 3.d4 cxd4 4.Nxd4 Nf6 5.Nc3 g6 6.f3 Bg7 7.Be3 O-O 8.Bc4 
Nc6 9.Qd2 Bd7 10.h4 Na5 11.Bb3 h5 12.O-O-O Rc8 13.Kb1 Nc4 14.Bxc4 Rxc4 15.
Nde2 b5 16.b3 Rc8 17.Bd4 a5 18.Rhe1 a4 19.Nd5 Nxd5 20.Bxg7 Kxg7 21.exd5 
axb3 22.axb3 Qc7 23.Nd4 Rfd8 24.Qg5 Ra8 25.Qd2 Kg8 26.Nc6 Bxc6 27.Qc3 Ra6 
28.dxc6 Rxc6 29.Qd2 Ra8 30.Kb2 Rca6 31.Ra1 Qa7 32.Rxa6 Qxa6 33.Qc3 Qa2+ 
34.Kc1 Qa1+ 35.Kd2 Qa7 36.Re2 e5 37.Re3 Qb6 38.g4 hxg4 39.fxg4 b4 40.Qd3 
Rc8 41.Qe4 Qc5 42.h5 d5 43.Qxe5 Qxc2+ 44.Ke1 Qg2 45.Re2 Qg1+ 0-1

[Event "2nd EUR-ch (w)"]
[Site "Warsaw POL"]
[Date "2001.04.30"]
[Round "8.43"]
[White "Lopatskaya, Elena"]
[Black "Georgieva, Liubka"]
[Result "1/2-1/2"]
[WhiteElo "2323"]
[BlackElo "2162"]
[EventDate "2001.04.21"]
[PlyCount "101"]

1.Nf3 Nf6 2.b3 g6 3.Bb2 Bg7 4.g3 O-O 5.Bg2 d6 6.d4 Ne4 7.O-O c5 8.c4 Qa5 
9.Qc1 Nc6 10.dxc5 Qxc5 11.Bxg7 Kxg7 12.a3 Be6 13.Nbd2 Nxd2 14.Qxd2 h6 15.
e3 Qh5 16.Nd4 Bh3 17.Nxc6 Bxg2 18.Kxg2 bxc6 19.Qd4+ Kg8 20.Qe4 Rab8 21.
Qxe7 d5 22.Qxa7 Rxb3 23.Qc5 dxc4 24.Qxc4 Qd5+ 25.Qxd5 cxd5 26.Rfb1 Rxb1 
27.Rxb1 Ra8 28.Ra1 Ra4 29.Kf3 Kg7 30.Ke2 Kf6 31.Kd3 Ke5 32.f3 h5 33.Ra2 g5
34.h3 h4 35.f4+ gxf4 36.gxf4+ Kf5 37.Ra1 Ke6 38.Kc3 Kf5 39.Kd3 Ke6 40.Ke2 
Kf5 41.Kf3 f6 42.Ra2 d4 43.e4+ Ke6 44.Kg4 d3 45.Kxh4 Rxe4 46.Kg3 Re3+ 47.
Kg2 Kf5 48.a4 Kxf4 49.Rf2+ Kg5 50.Ra2 Kf4 51.Rf2+ 1/2-1/2

[Event "2nd EUR-ch (w)"]
[Site "Warsaw POL"]
[Date "2001.04.30"]
[Round "8.44"]
[White "Popova, Natalia"]
[Black "Saljova-Orsagova, Silvie"]
[Result "1-0"]
[WhiteElo "2308"]
[BlackElo "2142"]
[EventDate "2001.04.21"]
[PlyCount "117"]

1.d4 d5 2.Nc3 Bf5 3.f3 Nf6 4.Bg5 c6 5.e3 Nbd7 6.Nge2 e5 7.Ng3 exd4 8.exd4 
Bg6 9.Bd3 Bb4 10.Qe2+ Qe7 11.Qxe7+ Bxe7 12.Nf5 Bxf5 13.Bxf5 O-O 14.O-O-O 
Bd6 15.Rde1 Rfe8 16.Kd1 h6 17.Bd2 Nb6 18.b3 Rad8 19.a4 Na8 20.g3 Nc7 21.
Rxe8+ Nfxe8 22.Ne2 g6 23.Bd3 Bf8 24.Re1 Ne6 25.c3 Nf6 26.Nf4 Ng5 27.Rf1 
Bd6 28.h4 Ngh7 29.Rh1 Kg7 30.g4 Re8 31.Ng2 h5 32.g5 Nd7 33.Rf1 Nhf8 34.f4 
f5 35.gxf6+ Nxf6 36.f5 Ne4 37.Nf4 gxf5 38.Nxh5+ Kg6 39.Nf4+ Bxf4 40.Bxf4 
Nxc3+ 41.Kc2 Ne4 42.h5+ Kh7 43.Be5 Ne6 44.Rxf5 Re7 45.Rf1 Kh6 46.Be2 Kh7 
47.Bg4 N4g5 48.Rf6 Ng7 49.h6 Ne4 50.hxg7 Nxf6 51.Bxf6 Re3 52.Kd2 Rg3 53.
Bf5+ Kh6 54.Be6 Kh7 55.g8=Q+ Rxg8 56.Bxg8+ Kxg8 57.Kc3 Kf7 58.Be5 Ke6 59.
Bb8 1-0

[Event "2nd EUR-ch (w)"]
[Site "Warsaw POL"]
[Date "2001.04.30"]
[Round "8.45"]
[White "Andersson, Christin"]
[Black "Javakhishvili, Lela"]
[Result "1/2-1/2"]
[WhiteElo "2115"]
[BlackElo "2305"]
[EventDate "2001.04.21"]
[PlyCount "104"]

1.e4 c5 2.Nf3 b6 3.Nc3 Bb7 4.d4 cxd4 5.Nxd4 a6 6.Bd3 d6 7.O-O Nd7 8.Be3 
Ngf6 9.f4 g6 10.Nf3 Bg7 11.h3 O-O 12.Qd2 b5 13.a3 Qc7 14.Rad1 Nc5 15.Bd4 
Ne6 16.Be3 Nh5 17.Qe1 Nhxf4 18.Qh4 Nh5 19.Nd5 Bxd5 20.exd5 Nc5 21.Ng5 Nxd3
22.cxd3 h6 23.Ne4 f5 24.g4 fxe4 25.gxh5 exd3 26.hxg6 Qc4 27.Qxe7 Qxd5 28.
Bxh6 Bd4+ 29.Kh2 Qe5+ 30.Qxe5 Bxe5+ 31.Kg2 Rfe8 32.h4 Bxb2 33.Rxd3 Be5 34.
h5 Rac8 35.Be3 Rc4 36.Rf5 Rg4+ 37.Kf2 Rf8 38.Rxf8+ Kxf8 39.Kf3 Rg3+ 40.Ke4
Kg7 41.Kd5 Kf6 42.Kc6 Kf5 43.Kb6 Ke4 44.Rb3 d5 45.Rb4+ d4 46.Bc1 Bd6 47.
Kxa6 Bxb4 48.axb4 Rg1 49.Bh6 Kf5 50.Kxb5 Kg4 51.Kc4 Kxh5 52.Bg7 Kxg6 
1/2-1/2

[Event "2nd EUR-ch (w)"]
[Site "Warsaw POL"]
[Date "2001.04.30"]
[Round "8.46"]
[White "Grabics, Monika"]
[Black "Tsoganova, Monika"]
[Result "0-1"]
[WhiteElo "2354"]
[BlackElo "2239"]
[EventDate "2001.04.21"]
[PlyCount "64"]

1.e4 c6 2.d4 d5 3.f3 g6 4.Nc3 Bg7 5.e5 h5 6.Be3 Nh6 7.Bf2 b5 8.Bd3 Bf5 9.
Nge2 Nd7 10.h3 b4 11.Na4 Qa5 12.b3 c5 13.Bxf5 Nxf5 14.Nxc5 Nxc5 15.dxc5 d4
16.O-O Bxe5 17.g4 hxg4 18.hxg4 O-O-O 19.gxf5 Qc7 20.f6 d3 21.Rb1 Rh3 22.
fxe7 Qxe7 23.f4 Rdh8 24.Ng3 Qb7 25.c6 Qxc6 26.Qg4+ f5 27.Qxh3 Rxh3 28.fxe5
dxc2 29.Rbc1 f4 30.Be1 fxg3 31.Rf8+ Kd7 32.Rf7+ Ke8 0-1

[Event "2nd EUR-ch (w)"]
[Site "Warsaw POL"]
[Date "2001.04.30"]
[Round "8.47"]
[White "Slavina, Irina"]
[Black "Moshina, Cristina"]
[Result "1/2-1/2"]
[WhiteElo "2332"]
[BlackElo "2235"]
[EventDate "2001.04.21"]
[PlyCount "41"]

1.d4 Nf6 2.c4 g6 3.Nc3 d5 4.Bf4 Bg7 5.e3 O-O 6.Qb3 dxc4 7.Bxc4 a6 8.Nf3 
Nbd7 9.Ng5 e6 10.Bxe6 Qe7 11.Bc4 Nb6 12.O-O Nxc4 13.Qxc4 c6 14.Qc5 Qxc5 
15.dxc5 Nd5 16.Nxd5 cxd5 17.Rfd1 Bxb2 18.Rab1 Bf6 19.Rxd5 Bf5 20.Rbd1 Rfc8
21.e4 1/2-1/2